| 000 | 00896nam a2200217Ia 4500 | ||
|---|---|---|---|
| 001 | 7344 | ||
| 003 | GE_BSU | ||
| 008 | 181216s||||||||xx |||||||||||||| ||und|| | ||
| 020 | _a9992898909 | ||
| 040 | _cGE_BSU | ||
| 080 | _a821.353.1 | ||
| 100 | _aღვინჯილია ჯანსუღ | ||
| 245 | _aთხზულებანი 4 ტომად. | ||
| 245 | _bტ. 2. სული აღმაშენებელი. ახალი ცა (პიესა). გიორგი სააკაძის პიროვნება. კვლავ გიორგი სააკაძის ფენომენზე საპოლემიკოდ. | ||
| 260 | _aთბილისი. | ||
| 260 | _bსაქართველო. | ||
| 260 | _c2002. | ||
| 300 | _a823 გვ.; 22სმ.; | ||
| 653 | _aთხზულებანი 4 ტომად. | ||
| 942 | _cBK | ||
| 999 |
_c40708 _d40708 |
||